Click para traducir - Portugués - Estadísticas

Estadísticas generales
  • Esta prueba ha sido intentada 2.396 veces
    2.391 desde el último reinicio
  • La puntuación promedio es 11 de 17
Estadísticas de respuestas
Hint Respuesta % Correcto
Bailar Dançar
93%
Cien Cem
92%
Isla Ilha
90%
Oso Urso
86%
Hielo Gelo
80%
Viernes Sexta-feira
75%
Manzana Maçã
73%
Mariposa Borboleta
68%
Olvidar Esquecer
65%
Sandía Melancia
61%
Tenedor Garfo
59%
Negro Preto
59%
Cuello Pescoço
47%
Casa Lar
45%
Rodilla Joelho
30%
Admirador
28%
Calcetín Peúga
25%
No se encontraron pruebas coincidentes
Distribución de puntuación
Porcentaje de gente con cada puntuación
Porcentaje por número respondido
Historial de tus puntuaciones
No has intentado esta prueba desde el último reinicio